Hedging v podnikateľskej praxi

Eliminovanie vybraných rizík v akciovej spoločnosti pomocou využitia finančných derivátov.

Saved in:
Bibliographic Details
Main Author: Kaderová, Andrea
Other Authors: Simonka, Zsolt, 1974-
Format: Book Chapter
Language:Slovak
Subjects:
Tags: Add Tag
No Tags, Be the first to tag this record!

MARC

LEADER 00000naa a2200000 4500
001 0180239
005 20240502073051.8
041 0 |a slo 
044 |a SK 
245 1 0 |a Hedging v podnikateľskej praxi  |c Andrea Kaderová, Zsolt Simonka 
520 |a Eliminovanie vybraných rizík v akciovej spoločnosti pomocou využitia finančných derivátov. 
610 2 0 |a riziko finančné 
610 2 0 |a hedging 
610 2 0 |a riziko podnikateľské 
610 2 0 |a úrok 
610 2 0 |a deriváty 
610 2 0 |a spoločnosti akciové 
100 1 |a Kaderová, Andrea 
700 1 |a Simonka, Zsolt, 1974-